Six stories

Na minha lista:
Detalhes bibliográficos
Autor principal: Poe, Edgar Allan
Formato: Livro
Idioma:Undetermined
Publicado em: New York, Estados Unidos Ballantine Book 1961
Assuntos:
Tags: Adicionar Tag
Sem tags, seja o primeiro a adicionar uma tag!

MARC

LEADER 00000nam a2200000Ia 4500
008 170316s9999 xx 000 0 und d
040 |a cru BVZT 
090 |a 810 P-15s 
100 |a Poe, Edgar Allan 
245 |a Six stories 
260 |a New York, Estados Unidos 
260 |b Ballantine Book 
260 |c 1961 
300 |a 128 páginas 
650 |a LITERATURA ESTADOUNIDENSE 
999 |c 6038  |d 6038 
942 |c 15 D  |h 810 P-15s  |2 z